Biggest Cities with Exceptions - Statistics

General Stats
  • This quiz has been taken 30 times
  • The average score is 78 of 100
Answers on the Map
Answers color-coded by a green-red scale on the quiz's map according to % correct below.
 
Answer Stats
Rank Country Population City % Correct
131 Algeria 4,175,000 Algiers
100%
117 Morocco 4,700,000 Casablanca
100%
27 United Kingdom 14,800,000 London
100%
84 Italy 6,100,000 Milan
100%
39 France 11,400,000 Paris
100%
162 Italy 3,450,000 Rome
100%
107 Australia 4,925,000 Sydney
100%
61 Canada 7,550,000 Toronto
100%
157 Greece 3,550,000 Athens
96%
16 Thailand 20,500,000 Bangkok
96%
105 Spain 4,950,000 Barcelona
96%
114 Germany 4,775,000 Berlin
96%
45 Colombia 10,200,000 Bogota
96%
22 Argentina 16,700,000 Buenos Aires
96%
122 South Africa 4,450,000 Cape Town
96%
28 South Africa 14,800,000 Johannesburg
96%
74 Spain 6,850,000 Madrid
96%
106 Australia 4,950,000 Melbourne
96%
123 Canada 4,375,000 Montreal
96%
77 Kenya 6,550,000 Nairobi
96%
136 Italy 4,050,000 Naples
96%
56 Chile 8,050,000 Santiago
96%
234 Poland 2,475,000 Warsaw
96%
98 Turkey 5,200,000 Ankara
92%
177 United Kingdom 3,225,000 Birmingham
92%
174 Australia 3,275,000 Brisbane
92%
25 Turkey 16,100,000 Istanbul
92%
112 Afghanistan 4,800,000 Kabul
92%
161 Ukraine 3,475,000 Kiev
92%
38 Peru 11,600,000 Lima
92%
9 South Korea 24,900,000 Seoul
92%
24 Iran 16,200,000 Tehran
92%
185 Canada 3,025,000 Vancouver
92%
75 Iraq 7,500,000 Baghdad
88%
145 Venezuela 3,800,000 Caracas
88%
194 Germany 2,900,000 Hamburg
88%
53 Angola 9,000,000 Luanda
88%
195 Ecuador 2,875,000 Quito
88%
81 Ghana 6,350,000 Accra
84%
128 Senegal 4,200,000 Dakar
84%
87 Tanzania 6,000,000 Dar es Salaam
84%
76 UAE 6,600,000 Dubai
84%
186 Turkey 3,025,000 Izmir
84%
51 Malaysia 9,100,000 Kuala Lumpur
84%
229 Portugal 2,500,000 Lisbon
84%
179 United Kingdom 3,125,000 Manchester
84%
50 Saudi Arabia 9,150,000 Riyadh
84%
190 Madagascar 2,950,000 Antananarivo
80%
211 Azerbaijan 2,675,000 Baku
80%
212 Hungary 2,650,000 Budapest
80%
182 Nepal 3,075,000 Kathmandu
80%
75 Sudan 6,850,000 Khartoum
80%
126 Colombia 4,225,000 Medellin
80%
189 North Korea 2,975,000 Pyongyang
80%
201 Tunisia 2,775,000 Tunis
80%
88 Myanmar 6,000,000 Yangon
80%
78 Ivory Coast 6,550,000 Abidjan
76%
224 Kazakhstan 2,550,000 Almaty
76%
140 Mali 3,975,000 Bamako
76%
137 South Korea 4,000,000 Busan
76%
192 Colombia 2,925,000 Cali
76%
104 Germany 4,975,000 Cologne / Dusseldorf
76%
173 Germany 3,275,000 Frankfurt
76%
169 Guatemala 3,325,000 Guatemala City
76%
96 Saudi Arabia 5,500,000 Jeddah
76%
60 Singapore 7,750,000 Singapore
76%
49 Taiwan 9,200,000 Taipei
76%
154 Uzbekistan 3,600,000 Tashkent
76%
237 Paraguay 2,450,000 Asuncion
72%
146 Syria 3,800,000 Damascus
72%
205 Cambodia 2,750,000 Phnom Penh
72%
159 Haiti 3,525,000 Port-au-Prince
72%
181 Yemen 3,075,000 Sana'a
72%
132 Dominican Republic 4,175,000 Santo Domingo
72%
92 Jordan 5,850,000 Amman
68%
108 Sri Lanka 4,900,000 Colombo
68%
156 South Africa 3,575,000 Durban
68%
175 Ecuador 3,275,000 Guayaquil
68%
219 Zimbabwe 2,600,000 Harare
68%
151 Cameroon 3,700,000 Yaounde
68%
230 Netherlands 2,500,000 Amsterdam
64%
202 Guinea 2,775,000 Conakry
64%
236 Qatar 2,450,000 Doha
64%
139 Uganda 3,975,000 Kampala
64%
238 Mozambique 2,450,000 Maputo
64%
167 Iran 3,350,000 Isfahan
60%
243 Costa Rica 2,425,000 San Jose
60%
153 Cameroon 3,650,000 Douala
56%
127 Kuwait 4,200,000 Kuwait City
56%
204 Belgium 2,750,000 Brussels
52%
168 Iran 3,350,000 Mashhad
52%
199 Burkina Faso 2,800,000 Ouagadougou
52%
206 Venezuela 2,750,000 Maracaibo
48%
191 Israel 2,925,000 Tel Aviv-Yafo
48%
166 Netherlands 3,375,000 Rotterdam
40%
207 South Korea 2,750,000 Daegu
36%
208 Saudi Arabia 2,750,000 Dammam
36%
203 Taiwan 2,775,000 Kaohsiung
32%
196 Ghana 2,850,000 Kumasi
28%
239 Taiwan 2,450,000 Taichung
20%
No matching quizzes found
Score Distribution
Percent of People with Each Score
Percentile by Number Answered
Your Score History
You have not taken this quiz